Climate change : the quality, comparability, and review of emissions inventories vary between developed and developing nations : report to congressional requesters.

Bibliographic Details
Corporate Author: United States. Government Accountability Office
Format: Government Document eBook
Language:English
Published: [Washington, D.C.] : U.S. Govt. Accountability Office, [2010]
Subjects:
Online Access:https://purl.fdlp.gov/GPO/gpo9544

MARC

Tag First Indicator Second Indicator Subfields
LEADER 00000cam a2200000 a 4500
001 in00002706708
005 20211120162024.0
006 m d f
007 cr mn|||||||||
008 110712s2010 dcua ob f000 0 eng c
035 |a (OCoLC)ocn740899170 
040 |a GPO  |c GPO  |d MvI  |d UtOrBLW 
042 |a pcc 
043 |a n-us--- 
049 |a WWW 
074 |a 0546-D (online) 
086 0 |a GA 1.13:GAO-10-818 
088 |a GAO-10-818 
110 1 |a United States.  |b Government Accountability Office. 
245 1 0 |a Climate change :  |b the quality, comparability, and review of emissions inventories vary between developed and developing nations : report to congressional requesters. 
246 3 0 |a Quality, comparability, and review of emissions inventories vary between developed and developing nations 
264 1 |a [Washington, D.C.] :  |b U.S. Govt. Accountability Office,  |c [2010] 
300 |a 1 online resource (ii, 47 pages) :  |b color illustrations 
336 |a text  |b txt  |2 rdacontent 
337 |a computer  |b c  |2 rdamedia 
338 |a online resource  |b cr  |2 rdacarrier 
500 |a Title from PDF title screen (GAO, viewed July 7, 2011). 
500 |a "July 2010." 
504 |a Includes bibliographical references. 
500 |a "GAO-10-818." 
500 |a Electronic resource. 
650 0 |a Greenhouse gases  |z Developing countries  |x Measurement. 
650 0 |a Greenhouse effect, Atmospheric  |z Developing countries. 
650 0 |a Climatic changes  |x Measurement. 
856 4 0 |u https://purl.fdlp.gov/GPO/gpo9544  |t 0 
999 |a MARS 
999 f f |s c1767042-f2f4-32bd-bc60-8b3519700924  |i 18650b80-0ccd-3edb-bd58-07fe2292d35f  |t 0 
952 f f |a Texas A&M University  |b College Station  |c Electronic Resources  |d Available Online  |t 0  |e GA 1.13:GAO-10-818  |h Superintendent of Documents classification 
998 f f |a GA 1.13:GAO-10-818  |t 0  |l Available Online